| 000 | 00921cam a2200301 4500 | ||
|---|---|---|---|
| 001 | 23782 | ||
| 003 | BD-RjUL | ||
| 005 | 20211209000954.0 | ||
| 008 | 140311s1970 nyuabc b 001 0 eng | ||
| 020 | _a0393099059(pbk) | ||
| 035 | _a(BD-RjUL)23847 | ||
| 040 |
_aDLC _cDLC _dDLC _dBD-RjUL _beng |
||
| 041 | _aeng | ||
| 082 | 0 | 0 |
_a914.03252 _bKRK 1970 |
| 100 | 1 |
_aKrieger, Leonard. _973229 |
|
| 245 | 1 | 0 |
_aKings and philosophers, 1689-1789 / _cLeonard Krieger. |
| 250 | _a[1st ed.] | ||
| 260 |
_aNew York : _bW. W. Norton, _cc1970. |
||
| 300 |
_axii, 369 p. : _billus., maps, ports. ; _c21 cm. |
||
| 490 | 0 | _aThe Norton history of modern Europe | |
| 504 | _aBibliography: p. 345-354. | ||
| 650 | 0 |
_aEnlightenment. _973230 |
|
| 650 | 0 |
_aPhilosophy, Modern _y18th century. _92765 |
|
| 651 | 0 |
_aEurope _xPolitics and government _y1648-1789. _973231 |
|
| 942 |
_2ddc _cBK |
||
| 999 |
_c23782 _d23782 |
||